[Event "PRO League Central 2017"]
[Site "masterchessopen.com chess.com INT"]
[Date "2017.02.01"]
[Round "4"]
[White "Makaj,M"]
[Black "Diamant,A"]
[Result "1-0"]
[WhiteElo "2332"]
[BlackElo "2515"]

1. d4 Nf6 2. c4 g6 3. Nc3 Bg7 4. Nf3 O-O 5. Bf4 c5 6. e3 cxd4 7. exd4 d5 8. c5
Ne4 9. Be2 Nxc3 10. bxc3 b6 11. cxb6 axb6 12. O-O Ba6 13. Bxa6 Rxa6 14. Qd3
Qc8 15. Bxb8 Ra3 16. Be5 Rxc3 17. Qb5 Qg4 18. h3 Qf5 19. Qxd5 e6 20. Qb7 Rfc8
21. Rfe1 Bh6 22. Qe4 Qxe4 23. Rxe4 Rc2 24. Ree1 Ra8 25. Reb1 Ra6 26. a4 f5 27.
Rb5 g5 28. a5 g4 29. hxg4 fxg4 30. Rxb6 Rxb6 31. axb6 Rb2 32. Ra8+ Kf7 33.
Ra7+ Kg6 34. b7 {#r} 1-0

[Event "PRO League Pacific 2017"]
[Site "masterchessopen.com chess.com INT"]
[Date "2017.02.01"]
[Round "4"]
[White "So,W"]
[Black "Breckenridge,S"]
[Result "1-0"]
[WhiteElo "2808"]
[BlackElo "2239"]

1. d4 Nf6 2. Nf3 g6 3. c4 Bg7 4. Nc3 O-O 5. e4 d6 6. h3 e5 7. d5 a5 8. Bg5 Na6
9. Be2 Nc5 10. Nd2 c6 11. O-O Re8 12. Rc1 Qc7 13. b3 Nfd7 14. a3 f6 15. Bh4
Bh6 16. b4 Bxd2 17. bxc5 Bxc1 18. cxd6 Qxd6 19. Qxc1 Qc5 20. Rd1 a4 21. Kh1
Kg7 22. f3 Nb6 23. Rf1 Nxc4 24. dxc6 b5 25. Nd5 Rf8 26. Bxc4 bxc4 27. f4 h6
28. fxe5 fxe5 29. Be7 Kh7 {#r} 1-0

[Event "TCh-BEL 2016-17"]
[Site "masterchessopen.com Belgium BEL"]
[Date "2017.01.29"]
[Round "6.7"]
[White "Gryson,W"]
[Black "Bruno,Rica"]
[Result "1-0"]
[WhiteElo "2212"]
[BlackElo "2013"]

1. d4 Nf6 2. Nf3 g6 3. c4 Bg7 4. Nc3 O-O 5. Bf4 d6 6. e3 Bg4 7. Be2 Nc6 8. O-O
h6 9. h3 Bxf3 10. Bxf3 Nd7 11. Bh2 e5 12. Bxc6 bxc6 13. Qd2 c5 14. dxc5 Nxc5
15. b4 Ne6 16. Rac1 Qh4 17. Nd5 c6 18. Bg3 Qd8 19. Nc3 Qe7 20. Rfd1 Rfd8 21.
b5 cxb5 22. cxb5 Qb7 23. Qd5 Nc5 24. f3 Qb6 25. Bh4 g5 26. Bf2 Ne6 27. e4 Qa5
28. Qb3 Nf4 29. Kh2 Rac8 30. b6 Rb8 31. Nd5 Nxd5 32. Rxd5 Qa6 33. Rc7 Rf8 34.
Rxa7 Qe2 35. Qe3 Qf1 36. Rxd6 Rfc8 37. Rc7 Ra8 38. a3 {#r} 1-0

[Event "Gibraltar Masters 2017"]
[Site "masterchessopen.com Caleta ENG"]
[Date "2017.01.30"]
[Round "7.40"]
[White "Lemos,D"]
[Black "Paehtz,T sr"]
[Result "1-0"]
[WhiteElo "2516"]
[BlackElo "2365"]

1. d4 Nf6 2. c4 g6 3. Nf3 Bg7 4. g3 O-O 5. Bg2 d6 6. O-O Nc6 7. Nc3 Bg4 8. Be3
Qd7 9. Rc1 Bh3 10. d5 Na5 11. b3 c5 12. Bd2 b6 13. e4 Bxg2 14. Kxg2 e6 15. Re1
exd5 16. cxd5 Rfe8 17. h3 Rad8 18. Qe2 Qb7 19. Qd3 a6 20. Na4 Nd7 21. b4 cxb4
22. Bxb4 Bf8 23. Rb1 Qa7 24. Bc3 b5 25. Bxa5 bxa4 26. Bxd8 Rxd8 27. Qd4 Nc5
28. e5 Qc7 {#r} 1-0

[Event "Gibraltar Masters 2017"]
[Site "masterchessopen.com Caleta ENG"]
[Date "2017.02.01"]
[Round "9.94"]
[White "Feldbacher,H"]
[Black "Bach,Mat"]
[Result "1-0"]
[WhiteElo "2050"]
[BlackElo "2264"]

1. d4 Nf6 2. Nf3 g6 3. g3 Bg7 4. Bg2 O-O 5. O-O d6 6. c4 c6 7. Nc3 Qa5 8. d5
Qa6 9. Nd2 Nbd7 10. Qc2 e6 11. dxc6 bxc6 12. e4 Ne5 13. b3 d5 14. h3 dxc4 15.
f4 cxb3 16. Nxb3 Qd3 17. Qxd3 Nxd3 18. Ba3 Rd8 19. Be7 Rd7 20. Bxf6 Bxf6 21.
e5 Bd8 22. Bxc6 Bb6+ 23. Kh2 Rc7 24. Bxa8 Rxc3 25. Rad1 Ba6 26. Rf3 Rc8 27.
Bb7 Rc2+ 28. Rd2 Ne1 29. Rxc2 Bxb7 30. Rff2 Nxc2 31. Rxc2 Kf8 32. Nc5 {#r} 1-0

[Event "13th Moscow Open A 2017"]
[Site "masterchessopen.com Moscow RUS"]
[Date "2017.01.31"]
[Round "4.2"]
[White "Tran Tuan Minh"]
[Black "Gordievsky,D"]
[Result "0-1"]
[WhiteElo "2478"]
[BlackElo "2562"]

1. d4 Nf6 2. c4 d6 3. Nf3 g6 4. g3 Bg7 5. Bg2 O-O 6. O-O c6 7. Nc3 Qa5 8. Qd2
e5 9. Rd1 Bg4 10. dxe5 dxe5 11. h3 Bxf3 12. Bxf3 Na6 13. Qc2 Nc5 14. Be3 Ne6
15. Qb3 Qc7 16. c5 Qe7 17. Qc4 Rfd8 18. Bg2 h6 19. Rac1 a6 20. Na4 Ne8 21. Nb6
Rab8 22. Be4 Kh8 23. Bc2 N8c7 24. Rxd8+ Rxd8 25. Rd1 Nd4 26. Kg2 f5 27. b4
Nce6 28. Bb3 f4 29. Bxd4 Nxd4 30. Qf7 Qg5 31. h4 Qg4 32. Bc2 Kh7 33. h5 Qxh5
34. Nd7 Rxd7 35. Qxd7 f3+ 36. exf3 Qxf3+ {#R} 0-1

[Event "PRO League Eastern 2017"]
[Site "masterchessopen.com chess.com INT"]
[Date "2017.02.01"]
[Round "4"]
[White "Ghosh,D"]
[Black "Arsovic,G"]
[Result "1-0"]
[WhiteElo "2570"]
[BlackElo "2401"]

1. d4 Nf6 2. c4 g6 3. g3 Bg7 4. Bg2 O-O 5. Nc3 d6 6. Nf3 c6 7. O-O Bf5 8. Ng5
e5 9. d5 c5 10. e4 Bd7 11. f4 exf4 12. gxf4 Re8 13. f5 b5 14. cxb5 a6 15. b6
Qxb6 16. Qf3 Bb5 17. Nxb5 axb5 18. Qh3 Nbd7 19. fxg6 hxg6 20. Be3 Re7 21. Rf4
Nh5 22. Rxf7 Rxf7 23. Nxf7 Nf8 24. Rf1 Ra7 25. Nh6+ Kh7 26. Nf5 Kg8 27. Nxg7
Rxg7 28. Bh6 c4+ 29. Kh1 {#r} 1-0

[Event "PRO League Pacific 2017"]
[Site "masterchessopen.com chess.com INT"]
[Date "2017.02.01"]
[Round "4"]
[White "Khachiyan,M"]
[Black "Kavutskiy,K"]
[Result "1-0"]
[WhiteElo "2530"]
[BlackElo "2377"]

1. d4 Nf6 2. c4 g6 3. Nf3 Bg7 4. g3 O-O 5. Bg2 d6 6. O-O Nc6 7. Nc3 Bf5 8. d5
Na5 9. Nd4 Bd7 10. b3 c5 11. dxc6 bxc6 12. Bb2 Rb8 13. Qd2 Qc8 14. Ne4 Nb7 15.
Nxf6+ Bxf6 16. Nf3 Bxb2 17. Qxb2 Bh3 18. Qd2 Bxg2 19. Kxg2 Kg7 20. Qd4+ e5 21.
Qxa7 h6 22. Rfd1 Qe6 23. Qe3 Nc5 24. Ne1 f5 25. Nd3 Ne4 26. f3 Ng5 27. Nf2 Nf7
28. Rd2 Rfd8 29. Rad1 d5 30. f4 dxc4 31. Rxd8 Rxd8 32. Rxd8 Nxd8 33. bxc4 Nf7
34. fxe5 Qxc4 35. e6 Qd5+ 36. Kg1 Ne5 37. e7 Kf7 38. e8=Q+ Kxe8 39. Nd3 {#r}
1-0

[Event "Gibraltar Masters 2017"]
[Site "masterchessopen.com Caleta ENG"]
[Date "2017.02.01"]
[Round "9.72"]
[White "Gara,T"]
[Black "Burrows,M"]
[Result "1-0"]
[WhiteElo "2378"]
[BlackElo "2124"]

1. Nf3 Nf6 2. g3 g6 3. Bg2 Bg7 4. O-O O-O 5. c4 d6 6. d4 Nc6 7. Nc3 a6 8. Qd3
Bd7 9. d5 Nb4 10. Qd1 a5 11. e4 e5 12. Ne1 Ne8 13. a3 Na6 14. Nd3 c5 15. f4
Qc8 16. Be3 f5 17. Qd2 Rf7 18. fxe5 dxe5 19. exf5 gxf5 20. Bh6 Bf6 21. Rae1 e4
22. Nf2 Nd6 23. Qe2 Nc7 24. g4 b5 25. gxf5 Nxf5 26. Ng4 Bd4+ 27. Kh1 Ra6 28.
Be3 bxc4 29. Nxe4 Nxe3 30. Nxe3 Rxf1+ 31. Rxf1 Rg6 32. d6 Ne6 33. Nd5 Qb8 34.
Ne7+ Kh8 35. Nxg6+ hxg6 36. Qg4 Nf8 37. Rxf8+ Qxf8 38. Qxd7 Qf4 39. Qh3+ Kg7
40. d7 {#r} 1-0

[Event "Gibraltar Masters 2017"]
[Site "masterchessopen.com Caleta ENG"]
[Date "2017.02.01"]
[Round "9.10"]
[White "Ju Wenjun"]
[Black "Maze,S"]
[Result "1-0"]
[WhiteElo "2583"]
[BlackElo "2613"]

1. d4 Nf6 2. c4 g6 3. g3 Bg7 4. Bg2 O-O 5. Nc3 d6 6. Nf3 Nbd7 7. O-O e5 8. e4
exd4 9. Nxd4 Nc5 10. f3 a5 11. b3 Bd7 12. Be3 Re8 13. Qd2 h5 14. Rad1 Qc8 15.
Ndb5 Bc6 16. Rfe1 b6 17. Qc2 Bd7 18. a3 Na6 19. Bd4 Nb8 20. e5 dxe5 21. Bxe5
Nc6 22. f4 Bf5 23. Qb2 Nxe5 24. fxe5 Ng4 25. Bxa8 Qxa8 26. Nxc7 Qc6 27. Nxe8
Qc5+ 28. Kg2 Bxe5 29. Rd8 Qc6+ 30. Rd5 {#r} 1-0

[Event "Portugal Open 2017"]
[Site "masterchessopen.com Lisbon POR"]
[Date "2017.02.05"]
[Round "3.12"]
[White "Maiorov,N1"]
[Black "Diogo,V"]
[Result "1-0"]
[WhiteElo "2511"]
[BlackElo "2241"]

1. d4 Nf6 2. c4 g6 3. g3 Bg7 4. Bg2 d6 5. Nf3 O-O 6. Nc3 Nbd7 7. O-O e5 8. e4
exd4 9. Nxd4 Re8 10. h3 Nc5 11. Re1 c6 12. Bf4 Nh5 13. Be3 a5 14. b3 Nf6 15.
Qc2 Qe7 16. Rad1 h5 17. f3 Nfd7 18. a3 h4 19. g4 Ne5 20. f4 Nxg4 21. hxg4 Bxg4
22. Rb1 h3 23. Bh1 Qh4 24. Qf2 Qh5 25. Qg3 Nd3 26. Rf1 f5 27. Bf3 Bf6 28. Kh1
Bh4 29. Qg1 Re7 30. Bxg4 fxg4 31. Nde2 Rae8 32. Rbd1 Nc5 33. Bxc5 dxc5 34. Ng3
Qh8 35. e5 Qh7 36. Nce4 b6 37. Nf2 g5 38. Nxg4 gxf4 39. Nf5 Kh8 40. Rxf4 Rf8
41. Nxe7 Rxf4 42. Rd8+ {#r} 1-0

[Event "Mayors Cup Yerevan KO"]
[Site "masterchessopen.com Yerevan ARM"]
[Date "2017.01.31"]
[Round "1.1"]
[White "Harutyunian,T"]
[Black "Andriasian,Z"]
[Result "0-1"]
[WhiteElo "2511"]
[BlackElo "2621"]

1. Nf3 Nf6 2. c4 g6 3. Nc3 Bg7 4. g3 d6 5. d4 O-O 6. Bg2 Nbd7 7. O-O e5 8. b3
Re8 9. e4 exd4 10. Nxd4 Nc5 11. f3 Nfd7 12. Be3 f5 13. Qd2 fxe4 14. fxe4 c6
15. Rad1 Ne5 16. Nf5 gxf5 17. Bxc5 fxe4 18. Nxe4 Bg4 19. Nxd6 Bxd1 20. Qxd1
Rf8 21. Nxb7 Rxf1+ 22. Qxf1 Qd2 23. Nd6 Rd8 24. Nf5 Qc2 25. Bd6 Ng4 26. Qf4
Rxd6 27. Ne7+ Kh8 28. Qxd6 Qf2+ {#R} 0-1

[Event "Turkish Cup 2017"]
[Site "masterchessopen.com Antalya TUR"]
[Date "2017.02.02"]
[Round "9.21"]
[White "Dogan,A"]
[Black "Yazici,Ugur Doga"]
[Result "1-0"]
[WhiteElo "2176"]
[BlackElo "2094"]

1. d4 Nf6 2. c4 g6 3. g3 Bg7 4. Bg2 O-O 5. Nc3 c6 6. e4 d6 7. Nf3 Nbd7 8. O-O
e5 9. Re1 Re8 10. h3 Qc7 11. Be3 exd4 12. Nxd4 Nc5 13. Qc2 a5 14. Rad1 Bd7 15.
f4 Rad8 16. Bf2 Bc8 17. b3 Nfd7 18. Ndb5 cxb5 19. Nxb5 Qb8 20. Nxd6 Rf8 21. e5
b6 22. a3 Bb7 23. Nxb7 Nxb7 24. b4 Qc7 25. Qe4 Rb8 26. Qc6 Qxc6 27. Bxc6 axb4
28. axb4 Nxe5 29. fxe5 Nd8 30. Bg2 Ne6 31. Rd6 Rfc8 32. Bd5 Bf8 33. Rxe6 fxe6
34. Bxe6+ Kg7 35. Bxc8 Rxc8 36. Re4 Bxb4 37. Bxb6 Kf7 38. e6+ Ke7 39. Be3 Kf6
40. c5 Ba3 41. Kg2 Ke7 42. Bg5+ Ke8 43. Ra4 Bxc5 44. Rc4 Rc7 45. Bf4 {#r} 1-0

[Event "13th Moscow Open A 2017"]
[Site "masterchessopen.com Moscow RUS"]
[Date "2017.01.31"]
[Round "4.6"]
[White "Artemiev,V"]
[Black "Shtembuliak,E"]
[Result "1-0"]
[WhiteElo "2655"]
[BlackElo "2477"]

1. d4 Nf6 2. c4 g6 3. Nc3 Bg7 4. e4 O-O 5. Nf3 c6 6. Be2 d5 7. e5 Ne4 8. O-O
Nxc3 9. bxc3 dxc4 10. Bxc4 c5 11. Ng5 cxd4 12. cxd4 Nc6 13. Be3 Na5 14. Be2 f6
15. Ne4 Be6 16. Qa4 b6 17. Rad1 f5 18. Ng5 Bd5 19. Nh3 Qe8 20. Bb5 Bc6 21.
Bxc6 Qxc6 22. Qb4 e6 23. Nf4 Rfd8 24. Qe7 Re8 25. Qg5 Qb7 26. h4 Qe7 27. Qg3
Rac8 28. h5 g5 29. h6 Bxh6 30. d5 Kh8 31. Nxe6 f4 32. Qh3 fxe3 33. fxe3 Bg7
34. Qh5 Rf8 35. Nxf8 Rxf8 36. Rxf8+ Bxf8 37. Rf1 Qc5 38. Qe8 {#r} 1-0

[Event "PRO League Pacific 2017"]
[Site "masterchessopen.com chess.com INT"]
[Date "2017.02.01"]
[Round "4"]
[White "Swiercz,D"]
[Black "Raptis,N"]
[Result "1-0"]
[WhiteElo "2647"]
[BlackElo "2262"]

1. d4 Nf6 2. c4 g6 3. Nc3 Bg7 4. e4 d6 5. Bd3 O-O 6. Nge2 Nc6 7. O-O e5 8. d5
Nd4 9. Nxd4 exd4 10. Ne2 Re8 11. Bg5 h6 12. Bxf6 Bxf6 13. Qd2 Bg7 14. f4 c5
15. Ng3 Qh4 16. Rae1 Bd7 17. Qf2 Re7 18. Kh1 Kh8 19. e5 Rae8 20. e6 fxe6 21.
Bxg6 Rf8 22. Nf5 Qxf2 23. Rxf2 Rxf5 24. Bxf5 e5 25. Bxd7 Rxd7 26. fxe5 dxe5
27. g3 b5 28. b3 bxc4 29. bxc4 Rb7 30. Kg2 Kg8 31. Kf3 Rf7+ 32. Ke2 Rb7 33.
Kd3 a5 34. Ke4 Rb6 35. Ree2 h5 36. Rb2 Rg6 37. Rb8+ Kh7 38. Re8 h4 39. Rf3 d3
40. Rxd3 Rg4+ 41. Kf5 Rxc4 42. d6 {#r} 1-0

[Event "TCh-CAT Gp1 2017"]
[Site "masterchessopen.com Barcelona ESP"]
[Date "2017.01.28"]
[Round "2.1"]
[White "Alonso Rosell,A"]
[Black "Movsziszian,K"]
[Result "1-0"]
[WhiteElo "2537"]
[BlackElo "2507"]

1. d4 Nf6 2. c4 g6 3. Nc3 Bg7 4. e4 O-O 5. Nf3 c6 6. h3 d5 7. exd5 cxd5 8. Be2
dxc4 9. Bxc4 Nc6 10. O-O b6 11. a3 Bb7 12. d5 Na5 13. Ba2 Rc8 14. Ne5 Nd7 15.
Ng4 h5 16. Nh6+ Kh7 17. Bb1 Nf6 18. Nxf7 Rxf7 19. Bxg6+ Kg8 20. Bxf7+ Kxf7 21.
Bg5 Qh8 22. Re1 Qh7 23. Qe2 Re8 24. Qe6+ Kg6 25. Bxf6 Bxf6 26. Re3 Kg7 27. Ne4
Qh6 28. Nd6 exd6 29. Qxe8 Bxd5 30. Rg3+ Kh7 31. Qd7+ Kh8 32. Qc8+ {#r} 1-0

[Event "PRO League Pacific 2017"]
[Site "masterchessopen.com chess.com INT"]
[Date "2017.02.01"]
[Round "4"]
[White "Stopa,Ja"]
[Black "Smith,Bry"]
[Result "1-0"]
[WhiteElo "2479"]
[BlackElo "2423"]

1. d4 Nf6 2. c4 g6 3. Nc3 Bg7 4. e4 d6 5. Be2 O-O 6. Bg5 Na6 7. h4 h6 8. Be3
e5 9. d5 Nc5 10. Qb1 c6 11. h5 cxd5 12. cxd5 Nxh5 13. Bxh5 gxh5 14. Rxh5 Bg4
15. Rh1 b5 16. b4 Na4 17. Nxa4 bxa4 18. Bxh6 Qc7 19. Qc1 Rac8 20. f3 Qxc1+ 21.
Rxc1 Rxc1+ 22. Bxc1 Rc8 23. Kd2 Bd7 24. Ne2 Rc4 25. Nc3 f5 26. b5 Rd4+ 27. Kc2
fxe4 28. fxe4 Rc4 29. Ba3 Bf8 30. Rb1 Be8 31. b6 axb6 32. Rxb6 Bg6 33. Bxd6
Bxe4+ 34. Kb2 Bxg2 35. Bxf8 Kxf8 36. Rf6+ {#r} 1-0

[Event "TCh-HUN 2016-17"]
[Site "masterchessopen.com Hungary HUN"]
[Date "2017.01.29"]
[Round "5.10"]
[White "Marjanovics,Annamaria"]
[Black "Dobos,J"]
[Result "1-0"]
[WhiteElo "2349"]
[BlackElo "2283"]

1. d4 Nf6 2. c4 g6 3. Nc3 Bg7 4. e4 d6 5. Be2 O-O 6. Bg5 Na6 7. f4 c6 8. Qd2
Nc7 9. Bf3 Ne6 10. Bh4 c5 11. dxc5 Nxc5 12. Rd1 Be6 13. b3 a6 14. Nge2 Rb8 15.
Nd4 Bd7 16. O-O Qb6 17. Kh1 Bc6 18. e5 dxe5 19. fxe5 Nfd7 20. Bxe7 Nxe5 21.
Nxc6 bxc6 22. Bxf8 Rxf8 23. Qc2 Ne6 24. Na4 Qa7 25. Qf2 Qe7 26. c5 Qg5 27. Be2
a5 28. Nb6 h5 29. Nd7 Nxd7 30. Rxd7 Nxc5 31. Rxf7 Rxf7 32. Qxf7+ Kh7 33. Qf4
Qe7 34. Bc4 Qd7 35. h3 Qe7 36. Qd2 Ne4 37. Qe3 Qe5 38. Rf4 Qa1+ 39. Rf1 Qe5
40. Rf4 Qa1+ 41. Bf1 Nd6 42. g4 Be5 43. Rf2 h4 44. Kg2 Kg7 45. Qa7+ Kh6 46.
g5+ {#r} 1-0

[Event "13th Moscow Open A 2017"]
[Site "masterchessopen.com Moscow RUS"]
[Date "2017.01.31"]
[Round "4.11"]
[White "Usmanov,V"]
[Black "Paravyan,D"]
[Result "0-1"]
[WhiteElo "2432"]
[BlackElo "2540"]

1. d4 Nf6 2. c4 g6 3. Nc3 Bg7 4. e4 d6 5. Be2 O-O 6. Bg5 c5 7. d5 e6 8. Qd2
exd5 9. exd5 Qb6 10. Nf3 Bf5 11. Nh4 Ne4 12. Nxe4 Bxe4 13. f3 h6 14. Be3 Qxb2
15. Rc1 Qf6 16. Bf2 Bf5 17. O-O Bd7 18. f4 Na6 19. Nf3 Rfe8 20. Bd3 Nb4 21.
Bb1 Qb2 22. Rce1 Qxd2 23. Nxd2 Bf5 24. a3 Nd3 25. Rxe8+ Rxe8 26. g4 Nxf2 27.
gxf5 Re2 28. Nf3 Nh3+ 29. Kh1 Nxf4 30. fxg6 fxg6 31. Nh4 Be5 32. Nxg6 Nxg6 33.
Bxg6 Rxh2+ 34. Kg1 Rh3 35. Bf7+ Kg7 36. Be6 Rg3+ 37. Kh1 Re3 38. Rf7+ Kg6 39.
Re7 Rxa3 40. Re8 Ra5 41. Rg8+ Kf6 42. Rf8+ Kg5 43. Rf5+ Kh4 {#R} 0-1

[Event "13th Moscow Open A 2017"]
[Site "masterchessopen.com Moscow RUS"]
[Date "2017.02.04"]
[Round "8.7"]
[White "Sjugirov,S"]
[Black "Iljiushenok,I"]
[Result "1-0"]
[WhiteElo "2673"]
[BlackElo "2493"]

1. d4 Nf6 2. c4 g6 3. Nc3 Bg7 4. e4 d6 5. f3 O-O 6. Nge2 c5 7. d5 a6 8. a4 e6
9. Ng3 exd5 10. cxd5 h5 11. Be2 h4 12. Nf1 Nh7 13. Ne3 Nd7 14. O-O Re8 15. Kh1
Nhf6 16. Qe1 Nh5 17. f4 Bxc3 18. bxc3 Rxe4 19. Bf3 Re8 20. Bxh5 gxh5 21. c4
Qf6 22. Ra2 Nb6 23. Re2 Bd7 24. Bb2 Qg6 25. Qxh4 Re4 26. g4 Bxg4 27. Rg2 f5
28. Nxg4 hxg4 29. a5 Nc8 30. h3 Kf7 31. hxg4 Ne7 32. gxf5 Nxf5 33. Rxg6 Nxh4
34. Rg7+ Kf8 35. Rfg1 Rae8 36. Rg8+ Ke7 37. R1g7+ {#r} 1-0

[Event "PRO League Central 2017"]
[Site "masterchessopen.com chess.com INT"]
[Date "2017.02.01"]
[Round "4"]
[White "Hjartarson,J"]
[Black "Hawkins,Jo"]
[Result "0-1"]
[WhiteElo "2540"]
[BlackElo "2583"]

1. d4 Nf6 2. c4 g6 3. Nc3 Bg7 4. e4 d6 5. f3 O-O 6. Nge2 c5 7. d5 e6 8. Ng3
exd5 9. cxd5 Nh5 10. Nxh5 gxh5 11. Be3 f5 12. Be2 Nd7 13. O-O f4 14. Bf2 Ne5
15. Kh1 a6 16. a4 Bd7 17. Qe1 Qe7 18. Rb1 Bf6 19. b4 c4 20. Qd2 Kh8 21. Bd4
Rg8 22. Qxf4 Bg5 23. Qg3 Be3 24. Bxe3 Rxg3 25. hxg3 Rg8 26. Bf2 Qg7 27. Rbd1
Qh6 28. Bd4 Rxg3 29. f4 h4 30. Kh2 Kg8 31. fxe5 Qg5 32. e6 h3 33. Rf2 Rxg2+
34. Kh1 Rxf2 35. Rg1 Rg2 36. Bf1 Rxg1+ 37. Bxg1 Be8 38. Bxh3 Qg3 {#R} 0-1

[Event "PRO League Pacific 2017"]
[Site "masterchessopen.com chess.com INT"]
[Date "2017.02.01"]
[Round "4"]
[White "Lehmann,Spencer G"]
[Black "Breckenridge,S"]
[Result "0-1"]
[WhiteElo "2040"]
[BlackElo "2239"]

1. d4 Nf6 2. c4 g6 3. Nc3 Bg7 4. e4 d6 5. f3 O-O 6. Bg5 c5 7. d5 h6 8. Be3
Nbd7 9. Qd2 Kh7 10. Nh3 a6 11. a4 Qa5 12. Nf2 Ne5 13. Be2 Qb4 14. Ncd1 a5 15.
f4 Neg4 16. Bxg4 Nxg4 17. Nxg4 Bxg4 18. Nf2 Bd7 19. O-O Qxc4 20. e5 Bxa4 21.
f5 Bxe5 22. g3 Bg7 23. Nd3 Bd7 24. Nf4 Bxf5 25. Rac1 Qb4 26. Qg2 Qxb2 27. Rf2
Qb3 28. Re1 Bc3 29. Ref1 a4 30. Nh5 a3 31. g4 a2 32. gxf5 gxh5 33. f6 Rg8 34.
fxe7 f6 35. Kh1 Rxg2 {#R} 0-1

[Event "TCh-BEL 2016-17"]
[Site "masterchessopen.com Belgium BEL"]
[Date "2017.01.29"]
[Round "6.3"]
[White "Geirnaert,S"]
[Black "Le Quang,K"]
[Result "1-0"]
[WhiteElo "2436"]
[BlackElo "2301"]

1. d4 Nf6 2. c4 g6 3. f3 Bg7 4. e4 d6 5. Nc3 O-O 6. Be3 c5 7. Nge2 Nc6 8. d5
Ne5 9. Ng3 h5 10. Be2 h4 11. Nf1 e6 12. f4 Nxc4 13. Bxc4 b5 14. Bxb5 exd5 15.
e5 Bg4 16. exf6 Bxd1 17. fxg7 Kxg7 18. Rxd1 d4 19. Rxd4 cxd4 20. Bxd4+ Kh7 21.
Ne3 Rb8 22. O-O a6 23. Bc4 f5 24. Ned5 Rxb2 25. Ne4 Rxg2+ 26. Kxg2 fxe4 27.
Rb1 Qc8 28. Ne3 Rxf4 29. Bd5 h3+ 30. Kh1 Qd8 31. Rb7+ Kh6 32. Bg7+ Kh5 33. Bc3
Kh6 34. Be6 Qh4 35. Bd2 g5 36. Nf5+ Kh5 37. Rh7+ Kg6 38. Nxh4+ Kxh7 39. Bxf4
gxf4 {#r} 1-0

[Event "TCh-HUN 2016-17"]
[Site "masterchessopen.com Hungary HUN"]
[Date "2017.01.29"]
[Round "5.8"]
[White "Aczel,G"]
[Black "Bakos,B"]
[Result "0-1"]
[WhiteElo "2506"]
[BlackElo "2412"]

1. d4 Nf6 2. c4 g6 3. f3 Bg7 4. e4 d6 5. Nc3 O-O 6. Be3 e5 7. Nge2 exd4 8.
Nxd4 Re8 9. Qd2 Nc6 10. O-O-O Bd7 11. g4 a6 12. h4 b5 13. h5 Ne5 14. hxg6 fxg6
15. Be2 b4 16. Nd5 c5 17. Nb3 Nxd5 18. exd5 a5 19. Bg5 Qc7 20. Bh6 Bh8 21. Kb1
Ba4 22. f4 Nf7 23. f5 Bxb3 24. axb3 a4 25. fxg6 hxg6 26. bxa4 b3 27. Bf4 Rxa4
28. Bd3 Qa7 29. Rxh8+ Nxh8 30. Kc1 Ra1+ 31. Bb1 Rxb1+ {#R} 0-1

[Event "Gibraltar Masters 2017"]
[Site "masterchessopen.com Caleta ENG"]
[Date "2017.02.02"]
[Round "10.26"]
[White "Debashis,D"]
[Black "Vocaturo,D"]
[Result "0-1"]
[WhiteElo "2472"]
[BlackElo "2606"]

1. d4 Nf6 2. c4 g6 3. Nc3 Bg7 4. e4 d6 5. Nf3 O-O 6. Be3 Na6 7. Be2 e5 8. O-O
Ng4 9. Bg5 Qe8 10. Re1 exd4 11. Nd5 f6 12. Bf4 c6 13. Bxd6 cxd5 14. exd5 Qf7
15. Nxd4 Re8 16. Ne6 Nh6 17. Bf3 Nf5 18. Ba3 Bd7 19. g3 Rac8 20. Rc1 b6 21. b4
Bh6 22. Rc3 Nd6 23. Qd4 Nc7 24. Rd3 Nf5 {#R} 0-1

[Event "PRO League Atlantic 2017"]
[Site "masterchessopen.com chess.com INT"]
[Date "2017.02.01"]
[Round "4"]
[White "Lenderman,A"]
[Black "Belous,V"]
[Result "0-1"]
[WhiteElo "2573"]
[BlackElo "2564"]

1. Nf3 Nf6 2. c4 g6 3. Nc3 Bg7 4. e4 d6 5. d4 O-O 6. Be2 Na6 7. O-O e5 8. Be3
Ng4 9. Bg5 Qe8 10. dxe5 Nxe5 11. Nd4 c6 12. Qd2 f5 13. exf5 gxf5 14. f4 Ng6
15. Bh5 Nc5 16. Rae1 Qf7 17. b3 Qc7 18. Kh1 Bd7 19. b4 Bxd4 20. Qxd4 Ne6 21.
Qd2 Nxg5 22. Bxg6 hxg6 23. fxg5 Rae8 24. Ne2 Be6 25. Qd4 c5 26. bxc5 Qxc5 27.
Rc1 Bf7 28. Qxc5 dxc5 29. Nf4 Re4 30. Rf2 Rd8 31. h4 Rdd4 32. g3 Rxc4 33. Rxc4
Rxc4 34. Re2 Re4 35. Rd2 Rd4 36. Re2 Kf8 37. Kg1 c4 38. h5 gxh5 39. g6 Bd5 40.
Re5 c3 41. Rxf5+ Kg7 42. Ne2 c2 43. Rxh5 Bf3 44. Rh7+ Kxg6 45. Rc7 Bxe2 46.
Rxc2 Bf3 47. Kf2 Bc6 48. Rd2 Rxd2+ {#R} 0-1

[Event "PRO League Atlantic 2017"]
[Site "masterchessopen.com chess.com INT"]
[Date "2017.02.01"]
[Round "4"]
[White "Mareco,S"]
[Black "Zapata,Alo"]
[Result "1-0"]
[WhiteElo "2645"]
[BlackElo "2418"]

1. d4 Nf6 2. c4 g6 3. Nc3 Bg7 4. e4 d6 5. Be2 O-O 6. Nf3 Na6 7. O-O e5 8. Be3
Ng4 9. Bg5 f6 10. Bh4 c6 11. Re1 Qe7 12. Bf1 h5 13. h3 Nh6 14. Bg3 Nf7 15. Rc1
Ng5 16. Nxg5 fxg5 17. c5 dxc5 18. Bxa6 bxa6 19. Bxe5 Bxe5 20. dxe5 Qxe5 21.
Na4 g4 22. hxg4 Bxg4 23. Qd2 Rad8 24. Qe3 Qf4 25. Qxf4 Rxf4 26. f3 Be6 27.
Nxc5 Bxa2 28. b3 Rd2 29. Red1 Rb2 30. Nd3 {#r} 1-0

[Event "PRO League Pacific 2017"]
[Site "masterchessopen.com chess.com INT"]
[Date "2017.02.01"]
[Round "4"]
[White "Durham,Da"]
[Black "Vovk,A"]
[Result "0-1"]
[WhiteElo "2229"]
[BlackElo "2633"]

1. d4 Nf6 2. c4 g6 3. Nc3 Bg7 4. e4 d6 5. Nf3 O-O 6. Be2 Nfd7 7. Be3 e5 8. Qd2
Nc6 9. d5 Ne7 10. O-O f5 11. Bg5 Nf6 12. Ne1 Nxe4 13. Nxe4 fxe4 14. Nc2 Qe8
15. Bh6 Bxh6 16. Qxh6 Rf4 17. Ne3 Kh8 18. g3 Ng8 {#R} 0-1

[Event "13th Moscow Open A 2017"]
[Site "masterchessopen.com Moscow RUS"]
[Date "2017.02.05"]
[Round "9.12"]
[White "Naumkin,I"]
[Black "Paravyan,D"]
[Result "0-1"]
[WhiteElo "2437"]
[BlackElo "2540"]

1. d4 Nf6 2. c4 g6 3. Nc3 Bg7 4. e4 O-O 5. Nf3 d6 6. Be2 e5 7. d5 a5 8. Bg5 h6
9. Bh4 g5 10. Bg3 Nh5 11. Nd2 Nf4 12. O-O Na6 13. Re1 Nc5 14. Bf1 Bd7 15. b3
h5 16. f3 g4 17. Bf2 Ncd3 18. Bxd3 Nxd3 19. Rf1 Bh6 20. fxg4 Nxf2 21. Kxf2 Qg5
22. Ke1 Bxg4 23. Ne2 f5 24. h3 Qh4+ 25. g3 Qxh3 26. Qc2 fxe4 27. Qxe4 Bxd2+
28. Kxd2 Rxf1 29. Qg6+ Kf8 30. Qh6+ Ke7 31. Rxf1 Qxf1 32. Nf4 Qd1+ 33. Kc3
Qd4+ 34. Kc2 Bf5+ 35. Kc1 Qc3+ {#R} 0-1